Datum a čas kvízu
22.5
Celkem bodů
Celkový počet nahraných bodů na tomto kvízu bez doplňovacích otázek.
6.
Pořadí na kvízu
Konečné umístění týmu na tomto kvízu.
Zaznamenané odpovědi
| # | Otázka | Odpověď | Body | Výsledky |
|---|---|---|---|---|
| 1. | Sněmovní podvýbor posuzoval ve... | 1 | ||
| 2. | Vůdce autonomního Čečenska Ram... | 0 | ||
| 3. | Jak vznikala Charta 77 a jak s... | 1 | ||
| 4. | Ekologickou anticenu Ropák rok... | 0 | ||
| 5. | „Dejte mu Zlatý míč, musíte mu... | 1 | ||
| 6. | V každé z otázek v tomto témat... | 1 | ||
| 7. | Filmy s premiérou v roce 2015. | 0 | ||
| 8. | Osoby narozené před rokem 1918... | 0 | ||
| 9. | Živočišné druhy v Orwellově Fa... | 0 | ||
| 10. | Obrazy Leonarda da Vinciho. | 0 |